000 00845nam a2200265Ia 4500
003 OSt
005 20220928124102.0
006 a|||||r|||| 00| 0
007 ta
008 220927b |||||||| |||| 00| 0 eng d
020 _cUSD 54.95
024 _a133972
037 _b25, 21/02/2017, Better Book Service
_cTextual
040 _aSDCL
_cSDCL
_beng
041 _2eng
_aeng
082 _aL7g, Q6
100 _aChoudhury Suparna Ed.
_9463308
245 0 _aCritical neuroscience
_b A handbook of social and cultural contexts if neuroscience
260 _aChichester
_bWiley Blackwell
_c2016
300 _axv,390p.
_ccm.
650 _aPsychology
700 _a Slaby Jan Ed.
_9463309
942 _hL7g, Q6
_cTEXL
_2CC
999 _c776235
_d776235